Basic legal research : (Record no. 57750)

MARC details
000 -LEADER
fixed length control field 01700nam\a2200301\a\4500
001 - CONTROL NUMBER
control field 57750
005 - DATE AND TIME OF LATEST TRANSACTION
control field 20260408123917.0
008 - FIXED-LENGTH DATA ELEMENTS--GENERAL INFORMATION
fixed length control field 201210s2021 nyu b 001 0 eng
020 ## - INTERNATIONAL STANDARD BOOK NUMBER
ISBN 9781543825275
Qualifying information (paperback)
020 ## - INTERNATIONAL STANDARD BOOK NUMBER
Cancelled/invalid ISBN 9781543825282
Qualifying information (ebook)
040 ## - CATALOGING SOURCE
Original cataloging agency DLC
Language of cataloging eng
Transcribing agency DLC
Description conventions rda
Modifying agency BD-DhIUB
082 00 - DEWEY DECIMAL CLASSIFICATION NUMBER
Classification number 340.072073
Edition number 23
Item number S6341b
100 1# - MAIN ENTRY--PERSONAL NAME
Personal name Sloan, Amy E.,
Dates associated with a name 1964-
Relator term author.
245 10 - TITLE STATEMENT
Title Basic legal research :
Remainder of title tools and strategies /
Statement of responsibility, etc Amy E. Sloan, Professor of Law, University of Baltimore School of Law.
250 ## - EDITION STATEMENT
Edition statement Eighth edition.
260 ## - PUBLICATION, DISTRIBUTION, ETC. (IMPRINT)
Place of publication, distribution, etc New York:
Name of publisher, distributor, etc Wolters Kluwer,
Date of publication, distribution, etc 2021
300 ## - PHYSICAL DESCRIPTION
Extent xxiii, 294 pages :
Other physical details illustrations ;
Dimensions 26 cm.
490 0# - SERIES STATEMENT
Series statement Aspen coursebook series
504 ## - BIBLIOGRAPHY, ETC. NOTE
Bibliography, etc Includes bibliographical references and index.
505 0# - FORMATTED CONTENTS NOTE
Formatted contents note Introduction to legal research -- Understanding search options -- Generating, prioritizing, and using search terms -- Secondary source research -- Case research -- Research with citators -- Statutory research -- Federal legislative history research -- Federal administrative law research -- Online legal research -- Developing a research plan.
520 ## - SUMMARY, ETC.
Summary, etc "Best-selling, concise, accessible textbook for first-year law students in a legal research course, with a classic, source-based approach"--
526 ## - STUDY PROGRAM INFORMATION NOTE
School name School of Law
Department Law
Shelving Location Law
541 ## - IMMEDIATE SOURCE OF ACQUISITION NOTE
Source of acquisition Karim International
650 #0 - SUBJECT ADDED ENTRY--TOPICAL TERM
Topical term or geographic name as entry element Legal research
Geographic subdivision United States.
776 08 - ADDITIONAL PHYSICAL FORM ENTRY
Display text Online version:
Main entry heading Sloan, Amy E.
Title Basic legal research.
Edition Eighth edition.
Place, publisher, and date of publication New York : Wolters Kluwer, [2021]
International Standard Book Number 9781543825282
Record control number (DLC) 2020055978
942 ## - ADDED ENTRY ELEMENTS (KOHA)
Source of classification or shelving scheme Dewey Decimal Classification
Koha item type Books
Holdings
Withdrawn status Lost status Source of classification or shelving scheme Damaged status Not for loan Home library Current library Shelving location Date acquired Source of acquisition Cost, normal purchase price Serial Enumeration / chronology Total Checkouts Full call number Barcode Date last seen Copy number Cost, replacement price Price effective from Koha item type
    Dewey Decimal Classification   Not For Loan Library, Independent University, Bangladesh (IUB) Library, Independent University, Bangladesh (IUB) Law 05/04/2026 Purchase 16200.00 2021   340.072073 S6341b 029636 08/04/2026 01 32400.00 05/04/2026 Books